000 00335 a2200121 4500
001 ART_42026
005 20260410161815.0
008 260409a
245 1 0 _aLa escuela judicial
100 1 _aClérico, María Laura
700 1 _aCardinaux, Nancy
773 0 _tAcademia
_g- Año 2, Nº 3 (mar./jun. 2004)
_wREV4314
999 _c21816
_d21816